000 00875nam a2200205Ia 4500
003 GCL
008 140319s9999 xx 000 0 ara d
020 _a3524319953
040 _aGCL /
_cGCL
082 0 4 _a418.0244
_bج ف
100 1 _aجوتاس، ديمترى
245 1 0 _aالفكر اليونانى والثقافة العربية :
_bحركة الترجمة اليونانية - العربية فى بغداد والمجتمع العباسى المبكر /
_cجوتاس، ديمترى
250 _aالاولى
260 _aبيروت :
_bمركز دراسات الوحدة العربية ،
_c2003
300 _a364 ص ؛
_c23 سم
650 0 4 _aالترجمة اليونانية
650 0 4 _aالترجمة فى العصر العباسى الاول
650 0 4 _aحركة الترجمة من القرن الثانى - العاشر هـ
942 _2ddc
_cBK
999 _c5843
_d5843